Most guessed islands - Statistics

General Stats
  • This quiz has been taken 17 times
  • The average score is 34 of 50
Answer Stats
Percent Answer % Correct
93 Great britain
100%
80 Cyprus
94%
93 Iceland
94%
93 Ireland
94%
92 Madagascar
94%
91 Cuba
88%
95 Greenland
88%
82 Jamaica
88%
70 Hokkaido
82%
58 Malta
82%
75 Borneo
76%
69 Honshu
76%
77 Java
76%
77 North
76%
66 Saint lucia
76%
66 Saint vincent
76%
74 Sardinia
76%
81 Sicily
76%
77 South
76%
86 Sri lanka
76%
79 Taiwan
76%
72 Trinidad
76%
51 Bali
71%
63 Barbados
71%
62 Grenada
71%
74 Hispaniola
71%
72 New guinea
71%
68 Saint kitts
71%
63 Antigua
65%
73 Corsica
65%
71 Crete
65%
54 Hawai'i
65%
66 Sumatra
65%
81 Tasmania
65%
60 Tobago
65%
60 Baffin
59%
56 Luzon
59%
57 Mauritius
59%
70 Man
53%
60 Sao tome
53%
51 Vancouver
53%
58 Dominica
47%
56 Mallorca
47%
69 Newfoundland
47%
61 Puerto rico
47%
51 Barbuda
41%
50 Bermuda
41%
57 Jersey
41%
52 Guernsey
35%
51 Prince edward
29%
No matching quizzes found
Score Distribution
Percent of People with Each Score
Percentile by Number Answered
Your Score History
You have not taken this quiz